000 00333 a2200157 4500
001 75238
020 _a97885026300307
040 _cAnchieta - Colégio São Paulo
100 _aPadovan, Daniela
240 1 0 _aLigados.com
_lpor
245 1 0 _aLigados.com
300 _a300
362 0 _a2015
650 4 _aMatemática
942 _cBK
999 _c75238
_d75238